00595nam a22001697a 45000050016000000200023000160350013000390370013000521000022000652450078000872600050001653000023002157000026002389420024002649990017002889520120003052012041708238.0 a8170541034c180.00 aA-389432 aDPLbENG aDharam Vir945212 aTribal women changing spectrum in India /cby Dharam Vir and Manju Manral aNew DelhibClassical Publishing Companyc1990 axv, 195p.c20 cms. aManral, Manju 945213 2ddccENh305.4mDHA c65110d65110 001040708NFICaZLSbZLSd2012-04-17g180.00l0o305.4 DHApA-389432r2012-04-17 00:00:00v180.00w2012-04-17yEN